| 000 | 01127nam a22002894a 4500 | ||
|---|---|---|---|
| 001 | ebr10320346 | ||
| 003 | CaPaEBR | ||
| 006 | m u | ||
| 007 | cr cn||||||||| | ||
| 008 | 050324s2005 ohua sb 001 0 eng | ||
| 010 | _z 2005045226 | ||
| 020 | _z0871708116 | ||
| 040 |
_aCaPaEBR _cCaPaEBR |
||
| 035 | _a(OCoLC)713857842 | ||
| 050 | 1 | 4 |
_aTA656 _b.D46 2005eb |
| 082 | 0 | 4 |
_a624.1/71 _222 |
| 100 | 1 | _aDennies, Daniel P. | |
| 245 | 1 | 0 |
_aHow to organize and run a failure investigation _h[electronic resource] / _cDaniel P. Dennies. |
| 260 |
_aMaterials Park, OH : _bASM International, _c2005. |
||
| 300 |
_avii, 223 p. : _bill. |
||
| 504 | _aIncludes bibliographical references and index. | ||
| 533 |
_aElectronic reproduction. _bPalo Alto, Calif. : _cebrary, _d2013. _nAvailable via World Wide Web. _nAccess may be limited to ebrary affiliated libraries. |
||
| 650 | 0 |
_aStructural failures _xInvestigation. |
|
| 655 | 7 |
_aElectronic books. _2local |
|
| 710 | 2 | _aebrary, Inc. | |
| 856 | 4 | 0 |
_uhttp://site.ebrary.com/lib/rucke/Doc?id=10320346 _zAn electronic book accessible through the World Wide Web; click to view |
| 999 |
_c60850 _d60850 |
||